Spiritual Discourse (Record no. 9792)

MARC details
000 -LEADER
fixed length control field 00609nam a2200253 a 4500
020 ## - INTERNATIONAL STANDARD BOOK NUMBER
ISBN 0812251
082 00 - DEWEY DECIMAL CLASSIFICATION NUMBER
Classification number 297.7
Author Cutter TRI
100 ## - MAIN ENTRY--AUTHOR NAME
Author name Trix, Frances
245 ## - TITLE STATEMENT
Title Spiritual Discourse
260 ## - PUBLICATION, DISTRIBUTION, ETC. (IMPRINT)
Place of publication Pennsylvania
Name of publisher University of Pennsylvania
Year of publication 1993
300 ## - PHYSICAL DESCRIPTION
Number of Pages 189p
500 ## - GENERAL NOTE
General note includes index and biblioraphy
505 2# - FORMATTED CONTENTS NOTE
Formatted contents note index
650 ## - SUBJECT ADDED ENTRY--TOPICAL TERM
Topical Term Dawah-Islam
650 ## - SUBJECT ADDED ENTRY--TOPICAL TERM
Topical Term Bektashi
942 ## - ADDED ENTRY ELEMENTS (KOHA)
Koha item type Books
700 1# -
-- Trix, Frances
Holdings
Collection code Home library Current library Date acquired Cost, normal purchase price Full call number Accession Number Koha item type
  Henry Martyn Institute Library Henry Martyn Institute Library 07/12/2007 100.00 297.7 TRI 017626 Books
                   Copyright © 2026 | Henry Martyn Institute | Hyderabad | TS-500052 | INDIA | Implemented by hmi.edu.in
Hit-Count:

Powered by Koha